000 00920nam a2200265Ia 4500
003 OSt
005 20220930091619.0
006 a|||||r|||| 00| 0
007 ta
008 220926b |||||||| |||| 00| 0 eng d
024 _a6607
037 _cTheses
040 _aCRL
_cCRL
_beng
041 _2eng
_aeng
100 _aAgarwal Sanchika Au.
_9546159
110 _aUniversity of Delhi. Faculty of Medical Sciences. Department of Hospital Pharmacy
_9546160
245 0 _aStandardization of berberis aristata and assessment of hepatoprotective activity of berberine proliposomes in wistar rats
260 _c2011
300 _a82
_ap.
_ccm.
650 _aPHARMACY
_9222451
700 _a Dr. P. N. Raju Gu.
_9546161
700 _aUniversity of Delhi. Faculty of Medical Sciences. Department of Hospital Pharmacy
_9546162
942 _cDIS
_2CC
999 _c882348
_d882348